UTOPENÁ

Bibliographic Details
Main Author: Zajc, Dane, 1929-2005 (Author)
Format: Article
Language:Slovak

MARC

LEADER 00000nab a2200000uu 4500
001 vtls011446783
003 SK-MaSNL
005 20260303224044.0
008 230313|1977 xo |||||||||||||||||slo|
015 |a SNBRB 
035 |a (urnnbn)urn:nbn:sk:snk:ar-0047sw 
035 |a (uuid)b2e077e6-14e4-4701-96ee-b4d7dece1f4d 
035 |a urn:nbn:sk:snk-abcjt2 
040 |a SNKBUCL  |b slo  |c SNKBUCL  |e AACR2 
041 0 |a slo 
044 |a xo  |c SK 
100 1 |a Zajc, Dane,  |d 1929-2005  |4 aut  |9 240674 
245 1 0 |a UTOPENÁ  |c Dane Zajc 
773 0 |t Revue svetovej literatúry  |g Roč. 13, č. 2 (1977), s. 58 
958 |a OND 
958 |a EUIPO 
958 |a article16 
999 |c 2250513  |d 2252443